000 00829nam a22001937a 4500
005 20240710124906.0
010 _aHIN- 127960
020 _c90.00
_a9788190446204
035 _aHN-100306
037 _bDBAD
082 _a821
100 _aकुमार, सुरेश
_968365
245 _aभारत भारतीयता भारतीय नायक/
_cद्वारा सुरेश कुमार श्रीचंदानी
250 _a1
260 _aअजमेर
_bपदमकांता प्रकाशन ठठेरा चौक
_c2000
270 _bअजमेर
_aपदमकांता प्रकाशन 338/22 ठठेरा चौक अजमेर
300 _a200p.
_c22cm (सजिल्द)
942 _2ddc
_cHN
_h821
_mश्रीचंदा
999 _c204057
_d204057